00244nam a2200073Ia 4500008004100000100001900041245008300060260002700143201231s9999 xx 000 0 und d aKelly, P Keith 0aTeam decision making techniques: A practical guide to successful team outcomes aNew DelhibWheeler pub